| 000 | 00353nam a22001337a 4500 | ||
|---|---|---|---|
| 082 |
_a579 _bSRI/F |
||
| 100 | _aSRIVASTAVA, H.N | ||
| 245 |
_aFUNGI _bLICHENS, BACTERIA, VIRUSES AND PLANT DISEASES |
||
| 250 | _aNEW MILLENIUM EDITION | ||
| 260 |
_aJALANDHAR _bPRADEEP PUBLICATIONS _c2007 |
||
| 300 | _a311 | ||
| 650 |
_aBIOLOGY REFERENCE _zINDIA |
||
| 942 | _cBK | ||
| 999 |
_c1449 _d1449 |
||